Discographie Ninho - Statistiques

Statistiques générales
  • Ce quiz a été pris 540 fois
    293 depuis la dernière actualisation
  • Le résultat moyen est 85 sur 297
Statistiques - réponses
Album Année Feat Titre du son % Correct
M.I.L.S 2016 M.I.L.S
73%
Destin 2019 Niska Maman ne le sait pas
68%
Comme prévu 2017 Nekfeu De l'autre côté
66%
100 visage 2020 Leto Macaroni
66%
Jefe 2021 Jefe
64%
Destin 2019 La vie qu'on mène
63%
M.I.L.S 2016 Niska Elle a mal
62%
M.I.L.S 2.0 2018 M.I.L.S 2.0
61%
Le monde est méchant 2021 Niska N.I
61%
Destin 2019 NI
61%
Destin 2019 Goutte d'eau
60%
I.S.P.A.C Volume 1 2014 Intro
59%
M.I.L.S 3 2020 Intro
59%
Jefe 2021 Intro
59%
Mutant 2018 Rim'K Air Max
58%
Destin 2019 Outro
58%
Jefe 2021 Outro
58%
Temps Additionnel 2018 KPoint Ma 6t a craqué
57%
Destin 2019 Fally Ipupa A Kinshasa
56%
M.I.L.S 2.0 2018 Fendi
56%
Comme prévu 2017 Rose
56%
Carré VIP 2020 Naps 6.3
55%
M.I.L.S 2016 Dis moi que tu m'aimes
55%
Poison ou Antidote 2020 Dadju Grand Bain
55%
Destin 2019 Jul Jusqu'à minuit
55%
Destin 2019 Koba la D La vivance
55%
Comme prévu 2017 Mamacita
55%
Un jour ou l'autre 2018 GLK Mauvais
55%
Destin 2019 Faouzia Money
55%
Trapstar 2 2019 Leto Tes Parents
55%
Ategban 2019 Vegedream Elle est bonne sa mère
54%
M.I.L.S 3 2020 Lettre à une femme
54%
Cicatrices 2019 Zola Papers
54%
Les Derniers Salopards 2019 Maes Distant
52%
En attendant JNMJ2 2014 Sadek Jamais
52%
Destin 2019 Djadju Jamais
52%
M.I.L.S 3 2020 M.I.L.S 3
52%
Telegram 2022 Werenoi 3 singes
51%
Binks to binks 2016 Binks to binks 2
51%
Destin 2019 Putana
51%
M.I.L.S 2016 Sourire
51%
M.I.L.S 2.0 2018 Un Poco
51%
Jefe 2021 VVS
51%
NI 2023 Central Cee Eurostar
50%
M.I.L.S 3 2020 Filon
50%
Binks to binks 2016 Binks to binks 3
49%
Binks to binks 2019 Binks to binks 6
49%
Binks to binks 2021 Binks to binks 7
49%
Comme prévu 2017 Comme prévu
49%
M.I.L.S 3 2020 Yaro Le jeu
49%
M.I.L.S 2016 Malcolm
49%
M.I.L.S 3 2020 Damso Promo
49%
Comme prévu 2017 Sofiane Laisse pas traîner ton fils
48%
Binks to binks 2016 Binks to binks 1
47%
Binks to binks 2017 Binks to binks 4
47%
Binks to binks 2017 Binks to binks 5
47%
Binks to Binks 2023 Binks to Binks 8
47%
Réédition M.I.L.S 3 2020 Tout en Gucci
47%
Comme prévu 2017 Hös Copperfield Dita
46%
M.I.L.S 3 2020 Zipette
46%
4Real 2023 Kaneki/Naps Blue
45%
GOAT 2024 Niska Collabo
45%
La Gaule 2023 Gaulois Jolie
45%
JVLIVS 2018 SCH Prêt à partir
45%
M.I.L.S 2.0 2018 Yaro 44
44%
GOAT 2024 Niska, Koba la D 911
44%
Comme prévu 2017 Caramelo
44%
Comme prévu 2017 Elle m'a eu
44%
Rooftop 2019 SCH Mayday
44%
Destin 2019 Paris c'est magique
44%
Comme prévu 2017 Roro
44%
Destin 2019 Sans peine
44%
M.I.L.S 2.0 2018 Bavard
43%
Quartiers Nord 2022 Alonzo/Naps Tout va bien
43%
Carré 2023 Werenoi Ciao
42%
Prose Elite 2017 Médine/L'Artiste/Lino/Sofiane/Alivor/Seth Gueko/Youssoupha Grand Paris
42%
Mr Sal 2019 Niska Méchant
42%
NI 2023 Ayra Starr No Love
42%
Destin 2019 Tokarev
42%
Jefe 2021 Aïcha
41%
2021 Orelsan Millions
41%
Jefe 2021 Sky Priority
41%
M.I.L.S 2016 Soleil
41%
Comme prévu 2017 Carbozo
40%
M.I.L.S 2016 Leto Crésus
40%
Destin 2019 Jeune lossa
40%
Destin 2019 L'ancien
40%
Affranchis 2018 Sofiane/Hornet la Frappe Longue Vie
40%
M.I.L.S 2016 Monotonie
40%
En passant pécho 2021 Kore Mon poto
40%
Phœnix 2019 Soprano Musica
40%
M.I.L.S 2.0 2018 Vrais
40%
GOAT 2024 Niska Boucherie
38%
Comme prévu 2017 Gradur Lové
38%
Noir 2020 MacTyer Moto
38%
Jefe 2021 Vérité
38%
Jefe 2021 Arme de poing
37%
Destin 2019 Big Pac
37%
M.I.L.S 3 2020 Heuss l'Enfoiré Centre commercial
37%
GOAT 2024 Niska Coco
37%
Toujours nous-mêmes 2021 Hornet la Frappe Gasolina
37%
Jefe 2021 La maison que je voulais
37%
M.I.L.S 2.0 2018 Pavé
37%
Game Over 2 2019 Niro Kim Jong-il
36%
Dans les yeux 2018 Hornet la Frappe Sheitana
36%
M.I.L.S 2.0 2018 Violet
36%
Comme prévu 2017 Alonzo Ce soir
35%
M.I.L.S 2016 Sadek La Roma
35%
Comme prévu 2017 Pourquoi
35%
NI 2023 Lil Baby Blue Story
34%
Comme prévu 2017 HLM ou Palace
34%
M.I.L.S 3 2020 La puerta
34%
KMT 2021 Gazo Mauvais 2X
34%
Jefe 2021 Mood
34%
En temps réel 2023 Naps/Gazo C'est carré le S
33%
M.I.L.S 2.0 2018 Coffrer
33%
M.I.L.S 3 2020 Griff Every day
33%
VVRDL 2017 Sadek Madre Mia
33%
M.I.L.S 2016 Pour nous
33%
Jefe 2021 RER D
33%
Rien 100 rien 2019 Jul Tel me
33%
NI 2023 Omah Lay Bad
32%
Comme prévu 2017 Chino
32%
Réédition M.I.L.S 3 2020 Kitchen
32%
Jefe 2021 OG
32%
L'Affranchi 2019 Koba la D Quotidien
32%
#UnRappeurCaRap 2024 Niska #UnRappeurCaRap 1
32%
#UnRappeurCaRap 2024 Niska #UnRappeurCaRap 2
32%
#UnRappeurCaRap 2024 Niska #UnRappeurCaRap 3
32%
GOAT 2024 Niska Waribana
32%
Jefe 2021 YSL
32%
Destin 2019 Tito Zéro Paluche
32%
Détail 2020 Koba la D Encore
31%
Mexico 2018 DA Uzi Entre les murs
31%
GOAT 2024 Niska Jungle
31%
Réédition M.I.L.S 3 2020 Problèmes du matin
31%
M.I.L.S 2.0 2018 Blasko Toutes options
31%
M.I.L.S 2016 Tout ira mieux
31%
20/21 Rec118 2021 Leto Vie de star
31%
C'est la loi 2018 Naza A midi
30%
Jefe 2021 Athéna
30%
M.I.L.S 2.0 2018 Mama No Cry
30%
Jefe 2021 No Life
30%
La vie continue 2024 Maes Survie
30%
Réédition M.I.L.S 3 2020 Toutes les couleurs
30%
NI (Extension) 2023 Vinicius
30%
Stade de France 2024 3 Mai 2025
29%
M.I.L.S 2016 Bitch Dab
29%
M.I.L.S 2.0 2018 Bob
29%
Art 2021 Serge Ibaka Champion
29%
Architecte 2020 DA Uzi Crois-moi
29%
2022 Heuss l'Enfoiré La Marseillaise
29%
NI 2023 La vie de Johnny
29%
M.I.L.S 3 2020 Bali
28%
M.I.L.S 3 2020 En chien
28%
La spé 2020 Yaro/PLK Mec de cité
28%
M.I.L.S 2.0 2018 PGP
28%
Ouvert tout l'été 2023 Sadek TP
28%
M.I.L.S 3 2020 Hös Copperfield Tu sais qu'on est gang
28%
M.I.L.S 3 2020 C'était le rap
27%
M.I.L.S 2.0 2018 Chacun son tour
27%
M.I.L.S 3 2020 Millésimes
27%
Validé 2020 Hös Copperfield Pirate
27%
M.I.L.S 2016 Somnambule
27%
NI 2023 Grands ensembles
26%
Erratum 2019 Hiro A découvert
25%
GOAT 2024 Niska Authentique
25%
GOAT 2024 Niska Ghetto Star
25%
M.I.L.S 3 2020 Gros Vendeurs
25%
GOAT 2024 Niska Guitare
25%
Réédition M.I.L.S 3 2020 MAC 11
25%
L'histoire d'un gang 2018 4Keus Gang Midi dans le ghetto
25%
Tout droit 2022 Yaro Dernier étage
24%
M.I.L.S 2016 TTR
24%
NI 2023 25G
23%
NI 2023 Branché sur snap
23%
Aimons-nous vivants 2021 Sadek/SCH Kimono
23%
I.S.P.A.C 2 2015 Malsain
23%
GOAT 2024 Niska Malsain
23%
Réédition M.I.L.S 3 2020 Privilège
23%
GOAT 2024 Niska Broly
22%
Confidences 2018 YL Sicario
22%
Trapstar 2018 Leto Avon Barksdale
21%
20/21 Rec118 2021 Hornet la Frappe/Leto/Sadek/DA Uzi/SCH/Soprano La Vie du binks
21%
Freestyle LVL UP 2023 LVL UP 1
21%
Freestyle LVL UP 2023 LVL UP 2
21%
Freestyle LVL UP 2023 LVL UP 3
21%
M.I.L.S 3 2020 Mauvais Djo
21%
NI 2023 Bon qu'à ça
20%
A zero 2018 Yaro Bucci Night
20%
GOAT 2024 Niska Opinel 12
20%
NI 2023 Rich Porter
20%
Taxi 5 2018 Boîte auto
19%
NI 2023 Chiraq
19%
NI 2023 Edouard Nahum
19%
A-One 2020 Landy Enfants Terribles
19%
GOAT 2024 Niska HAQ
19%
GOAT 2024 Niska Loin d'eux
19%
Ronisia 2022 Ronisia Suis-moi
19%
I.S.P.A.C 2 2015 Suis-moi
19%
20 2018 Capo Plaza Billets
18%
Carbozo 2020 Carbozo 2.0
18%
Stone 2019 Alonzo C'est elle
18%
R.I.P.R.O 4 2020 Lacrim Dadinho
18%
La zone en personne 2018 Jul Et je deviens fou
18%
91 All Stars 2022 La Zone
18%
Ciel 2023 Yaro Les étoiles
18%
NI 2023 Plus qu'eux
18%
I.S.P.A.C 2 2015 Qui
18%
NI 2023 Yo moko oyebi
18%
Trapstar 3 2023 Leto 187
17%
Redvolution 2022 Carolina
17%
GOAT 2024 Niska Du Sal
17%
Nazaland 2024 Naza Quillé
17%
NI 2023 Respect
17%
MRHTN 2023 Gianni/Dadju Acolyte
16%
NI (Extension) 2023 Christopher Wallace
16%
Réincarnation 2022 Graya Coucou
16%
NI 2023 Dans la peau
16%
La spé 2020 Yaro Dios Mio
16%
Virus: Avant l'album 2020 Leto/Zed Double Binks
16%
Mal luné 2021 DJ Quick/Hamza Elle m'a dit
16%
Zone 59 2019 Gradur B.L.H
15%
Game Over 2018 MHD Bénéfices
14%
Le chemin des braves 2022 DA Uzi Kongolais Mauvais
14%
NI (Extension) 2023 Signes de gang
14%
Mood3 2023 Franglish Sécu
13%
Rookie 2022 Lamatrix 11h
12%
Chef d'orchestre 2023 Heuss l'Enfoiré/Zeg P Cités de France
12%
NI (Extension) 2023 Griot
12%
I.S.P.A.C 2 2015 Mal Luné
12%
NI (Extension) 2023 Mode S Plus
12%
R.I.P.R.O 3 2017 Lacrim Veux-tu?
12%
Ce que je vis 2022 Kaneki Jules César
11%
Reinsertado 2023 Morad Marià
11%
Avant Yaro 2017 Yaro Refait
11%
Booska Pefra 5 2017 Booska Comme prévu
10%
Ciel 2023 Yaro/Layzee Ella Fallin'
10%
2019 Hös Copperfield Ma Guapa
10%
Ne le dîtes pas à ma mère 2019 Amy Mauvais Côté
10%
Hiver à Paris 2022 Dinos Portes Suicides
10%
Art de Rue 2020 Sur Paname
10%
Tombolo (Réédition) 2022 Kalash Tennessee
10%
Fracturé 2024 Rimkus Danger
9%
2024 Gaulois Sens Interdit
9%
Lueur & Espoir 2023 Hos Copperfield A l'aube
8%
I.S.P.A.C Volume 1 2014 Sadek Clan des loups
8%
Contrôle 2020 KeBlack Je fais ma vie
7%
I.S.P.A.C 2 2015 13 Block Verre
7%
Légende 2021 Koffi Olomidé Hercule
6%
Chrono 2021 Gianni La Calle
6%
ULTRAP 2016 13 Block Mains Sales
6%
#Jesuispasséchezso 2017 Sofiane/The S'/Riane/GLK/Graya Mortal Kombat
6%
Booska P 2016 Booska Pays Bas
5%
Nique le Casino 2015 Sadek/Leto C'est Trop
5%
2019 Kingzer/Leto Gaine'D
5%
Débrouillard 2024 Negrito Karma
5%
I.S.P.A.C Volume 1 2014 Le seum
5%
Tokooos II 2020 Fally Ipupa Likolo
5%
Omerta 2021 Dadinho Mendosa
5%
I.S.P.A.C 2 2015 T'es folle
5%
Yoski 2 2023 Mayo Bectance
4%
I.S.P.A.C Volume 1 2014 Gangsta
4%
I.S.P.A.C 2 2015 Capo
3%
I.S.P.A.C Volume 1 2014 Debout
3%
I.S.P.A.C Volume 1 2014 Yaro Mec de tess
3%
I.S.P.A.C 2 2015 Miroir
3%
I.S.P.A.C 2 2015 Yaro Bloquer en bas
2%
I.S.P.A.C Volume 1 2014 Loin de la street
2%
I.S.P.A.C 2 2015 Naenae
2%
I.S.P.A.C Volume 1 2014 Pas me louper
2%
I.S.P.A.C 2 2015 Terminer
2%
I.S.P.A.C 2 2015 100 à l'heure
1%
I.S.P.A.C Volume 1 2014 Atomic music
1%
I.S.P.A.C 2 2015 Cash Money Kilogramme
1%
I.S.P.A.C 2 2015 Charly Delta Remix
1%
I.S.P.A.C 2 2015 Choses à faire
1%
I.S.P.A.C 2 2015 Criminelle tour
1%
I.S.P.A.C 2 2015 Yaro Dans les temps
1%
I.S.P.A.C Volume 1 2014 Dis-leur
1%
I.S.P.A.C Volume 1 2014 Faire des sous
1%
I.S.P.A.C Volume 1 2014 Tourko Frappe atomic
1%
I.S.P.A.C Volume 1 2014 Guerilla
1%
I.S.P.A.C 2 2015 In my cup
1%
I.S.P.A.C 2 2015 Intro (ISPAC2)
1%
I.S.P.A.C 2 2015 LVMH Remix
1%
I.S.P.A.C 2 2015 Richie P/Labba Mal Luné Remix
1%
I.S.P.A.C 2 2015 GLK Nae 2.0
1%
I.S.P.A.C 2 2015 Hös Copperfield O Dog
1%
I.S.P.A.C Volume 1 2014 On s'arrache
1%
I.S.P.A.C 2 2015 Prince de la ville Remix
1%
I.S.P.A.C 2 2015 Blasko Qaliter
1%
DAYMOLITION 2017 Blasko/Yaro RAS
1%
I.S.P.A.C 2 2015 Salut mon vieux
1%
I.S.P.A.C 2 2015 Yaro/FSK/Siliboy Terter
1%
I.S.P.A.C 2 2015 Tu vas payer
1%
I.S.P.A.C 2 2015 Heykiller Y a plus d grand
1%
Aucun quiz correspondant
Distribution des résultats
% des personnes avec chaque résultat
Percentile par nombre de réponses
Votre historique - résultats
Vous n’avez pas pris ce quiz depuis la dernière actualisation